000 00388nam a22001457a 4500
005 20251007122528.0
008 250929b |||||||| |||| 00| 0 eng d
020 _a978-93-48189-97-4
041 _aHen
100 _aCHATURVEDI, SAHITYALANKAR SATYADEV
_98704
245 _aHAMARA SWASTHYA AUR GHARELU UPCHAR
260 _aUTAR PRADESH
_bAKSHAR PLANT
_c2024
300 _a92;P
942 _cBK
999 _c8845
_d8843